Cơ sở lý thuyết điều khiển tự động
Sách nêu lên những khái niệm cơ bản về điều khiển; mô tả toán học hệ thống điều chỉnh tự động; cung cấp lý thuyết cơ bản phân tích khả năng ổn định của hệ thống thông qua mô hình toán học của nó, lý thuyết cơ bản về đánh giá và nâng...
Đã lưu trong:
| 主要作者: | |
|---|---|
| 格式: | 圖書 |
| 語言: | Undetermined |
| 出版: |
Hà Nội
Khoa học và Kỹ thuật
1998
|
| 主題: | |
| 標簽: |
添加標簽
沒有標簽, 成為第一個標記此記錄!
|
| Thư viện lưu trữ: | Trung tâm Học liệu Trường Đại học Cần Thơ |
|---|
| LEADER | 01403nam a2200193Ia 4500 | ||
|---|---|---|---|
| 001 | CTU_27879 | ||
| 008 | 210402s9999 xx 000 0 und d | ||
| 082 | |a 629.8 | ||
| 082 | |b H401 | ||
| 100 | |a Nguyễn, Văn Hòa | ||
| 245 | 0 | |a Cơ sở lý thuyết điều khiển tự động | |
| 245 | 0 | |c Nguyễn Văn Hòa | |
| 260 | |a Hà Nội | ||
| 260 | |b Khoa học và Kỹ thuật | ||
| 260 | |c 1998 | ||
| 520 | |a Sách nêu lên những khái niệm cơ bản về điều khiển; mô tả toán học hệ thống điều chỉnh tự động; cung cấp lý thuyết cơ bản phân tích khả năng ổn định của hệ thống thông qua mô hình toán học của nó, lý thuyết cơ bản về đánh giá và nâng cao chất lượng của quá trình quá độ điều chỉnh; nêu lên những đặc trưng cơ bản của hệ thống rời rạc, các tính chất của tín hiệu rời rạc và cơ sở toán học để nghiên cứu hệ thống điều khiển xung; sau cùng, sách trình bày những lý thuyết cơ bản của hệ thống điều khiển xung | ||
| 650 | |a Automatic control,Automation,Control theory | ||
| 904 | |i Trọng Hải | ||
| 980 | |a Trung tâm Học liệu Trường Đại học Cần Thơ | ||